| 000 | 00000nas 2200000zi 4500 |
| 001 | 9.923790 |
| 003 | CaOODSP |
| 005 | 20230816142315 |
| 006 | m o d f |
| 007 | cr ||||||||||| |
| 008 | 230612c20209999onc x m o f0###|0fre|d |
| 040 | |aCaOODSP|bfre|erda|cCaOODSP |
| 043 | |an-cn--- |
| 086 | 1 |aCC273-3F-PDF |
| 245 | 00|aRessources en santé et sécurité sur la COVID-19. |
| 246 | 33|aCoronavirus (COVID-19) - conseils |
| 264 | 1|a[Ottawa] : |bCentre canadien d'hygiène et de sécurité au travail, |c[2020]- |
| 310 | |aIrrégulier |
| 336 | |atexte|btxt|2rdacontent/fre |
| 337 | |ainformatique|bc|2rdamedia/fre |
| 338 | |aressource en ligne|bcr|2rdacarrier/fre |
| 500 | |aPublié aussi en anglais sous le titre : COVID-19 health and safety resources. |
| 650 | 6|aHygiène industrielle|zCanada. |
| 650 | 6|aCOVID-19|zCanada|xPrévention. |
| 710 | 2 |aCentre canadien d'hygiène et de sécurité au travail, |eorganisme de publication. |
| 775 | 08|tCOVID-19 health and safety resources.|w(CaOODSP)9.923788 |
| 856 | 40|qHTML|sS.O.|uhttps://www.cchst.ca/products/publications/covid19-tool-kit/ |